| 000 | 00350nam a22001457a 4500 | ||
|---|---|---|---|
| 999 |
_c527397 _d527397 |
||
| 003 | NUST | ||
| 020 |
_a9781482554731 _qP/B. |
||
| 038 | _awaseem | ||
| 082 |
_a791.43 _bWOR |
||
| 100 |
_aVorhaus, John _918630 |
||
| 245 |
_aHow to Write Good / _cJohn Vorhaus |
||
| 260 |
_aUnites State : _bJohn Vorhaus, _c2013. |
||
| 300 | _a102 p. ; | ||
| 942 |
_2ddc _cBK |
||